Statistiche per Province italiane con meno Comuni

Clicka qui per fare il quiz!

Statistiche generali

  • Questo quiz è stato fatto 6 volte
  • Il punteggio medio è 11 su 16

Statistiche sulle risposte

Numero comuniProvincia% Corretto
7Prato
100%
6Trieste
100%
10Barletta-Andria-Trani
83%
20Brindisi
83%
25Gorizia
83%
17Massa-Carrara
83%
22Caltanissetta
67%
20Enna
67%
19Livorno
67%
20Pistoia
67%
12Ragusa
67%
21Siracusa
67%
17Cagliari
50%
21Ferrara
50%
25Trapani
50%
18Ravenna
33%

Distribuzione punteggi

Percentile per numero di risposta

Percentuale di utenti per punteggio

I tuoi punteggi nel tempo

Non hai fatto questo quiz